Statistics for Most populated Countries A-Z

Click here to take the quiz!

General Stats

  • This quiz has been taken 36 times
  • The average score is 22 of 24

Answer Stats

HintAnswer% Correct
1.4 BillionChina
100%
1.4 BillionIndia
100%
45 MillionArgentina
97%
215 MillionBrazil
97%
67 MillionFrance
97%
123 MillionJapan
97%
4.6 MillionOman
97%
2.7 MillionQatar
97%
83 MillionGermany
94%
128 MillionMexico
94%
221 MillionNigeria
94%
144 MillionRussia
94%
342 MillionUnited States
of America
94%
20 MillionZambia
94%
125 MilllionEthiopia
91%
54 MillionKenya
91%
11.6 MillionHaiti
88%
238 MillionPakistan
88%
85 MillionTurkey
88%
34 MillionYemen
88%
100 MillionDemocratic Republic
of the Congo
85%
98 MillionVietnam
85%
7.6 MillionLaos
82%
60 MillionSouth Africa
82%

Score Distribution

Percentile by Number Answered

Percent of People with Each Score

Your Score History

You have not taken this quiz